STANDRD METHODS FOR THE EXAMIATION OF DAIRY PRODUCTS / (Record no. 16347)
[ view plain ]
| 000 -الفاتح | |
|---|---|
| حقل البيانات ثابتة الطول | 00400nam a2200133Ia 4500 |
| 008 - عناصر البيانات ثابتة الطول - معلومات عامة | |
| حقل البيانات ثابتة الطول | 140319s9999 xx 000 0 eng d |
| 040 ## - مصدر الفهرسة | |
| وكالة الفهرسة الأصلية | GCL / |
| وكالة النسخ | GCL |
| 082 04 - رقم تصنيف ديوى العشرى | |
| رقم التصنيف | 641.37 |
| رقم المادة | M S |
| 100 1# - المدخل الرئيسى - إسم شخصى | |
| الإسم الشخصى | MARSHALL,ROLERT T |
| 245 10 - بيان العنوان | |
| العنوان | STANDRD METHODS FOR THE EXAMIATION OF DAIRY PRODUCTS / |
| بيان المسئوليه,etc | MARSHALL,ROLERT T |
| 260 ## - PUBLICATION, DISTRIBUTION, ETC. (IMPRINT) | |
| تاريخ النشر أو التوزيع | 1992 |
| 300 ## - الوصف المادى | |
| التعداد | 546 P |
| 260 ## - PUBLICATION, DISTRIBUTION, ETC. (IMPRINT) | |
| -- | [S.N] : |
| -- | AMERICAN PUBLIC HEALTH ASSOCIATION ، |
| حالة التراجع | حالة الفقد | حالة تلف | ليس للاعارة | المكان المؤقت | الموقع الحالى | تاريخ الاكتساب | اجمالي اﻻعارات | رقم الطلب | الباركود | تاريخ اخر مشاهدة | تاريخ تفعيل السعر | نوع وعاء كوها |
|---|---|---|---|---|---|---|---|---|---|---|---|---|
| مكتبة القاهرة الكبرى | مكتبة القاهرة الكبرى | 03/26/2014 | 641.37\M S | 29751 | 03/26/2014 | 03/26/2014 | كتاب |

